Mathematical Concepts of Quantum Mechanics

The book gives a streamlined introduction to quantum mechanics while describing the basic mathematical structures underpinning this discipline. Starting with an overview of key physical experiments illustrating the origin of the physical foundations, the book proceeds with a description of the basic...

Πλήρης περιγραφή

Λεπτομέρειες βιβλιογραφικής εγγραφής
Κύριοι συγγραφείς: Gustafson, Stephen J. (Συγγραφέας), Sigal, Israel Michael (Συγγραφέας)
Συγγραφή απο Οργανισμό/Αρχή: SpringerLink (Online service)
Μορφή: Ηλεκτρονική πηγή Ηλ. βιβλίο
Γλώσσα:English
Έκδοση: Berlin, Heidelberg : Springer Berlin Heidelberg, 2011.
Σειρά:Universitext,
Θέματα:
Διαθέσιμο Online:Full Text via HEAL-Link
LEADER 03547nam a22004935i 4500
001 978-3-642-21866-8
003 DE-He213
005 20151125021546.0
007 cr nn 008mamaa
008 110923s2011 gw | s |||| 0|eng d
020 |a 9783642218668  |9 978-3-642-21866-8 
024 7 |a 10.1007/978-3-642-21866-8  |2 doi 
040 |d GrThAP 
050 4 |a QA319-329.9 
072 7 |a PBKF  |2 bicssc 
072 7 |a MAT037000  |2 bisacsh 
082 0 4 |a 515.7  |2 23 
100 1 |a Gustafson, Stephen J.  |e author. 
245 1 0 |a Mathematical Concepts of Quantum Mechanics  |h [electronic resource] /  |c by Stephen J. Gustafson, Israel Michael Sigal. 
264 1 |a Berlin, Heidelberg :  |b Springer Berlin Heidelberg,  |c 2011. 
300 |a XIII, 382 p. 37 illus.  |b online resource. 
336 |a text  |b txt  |2 rdacontent 
337 |a computer  |b c  |2 rdamedia 
338 |a online resource  |b cr  |2 rdacarrier 
347 |a text file  |b PDF  |2 rda 
490 1 |a Universitext,  |x 0172-5939 
505 0 |a 1 Physical Background -- 2 Dynamics -- 3 Observables -- 4 Quantization -- 5 Uncertainty Principle and Stability of Atoms and Molecules -- 6 Spectrum and Dynamics -- 7 Special Cases -- 8 Bound States and Variational Principle -- 9 Scattering States -- Existence of Atoms and Molecules -- 11 Perturbation Theory: Feshbach-Schur Method -- 12 General Theory of Many-particle Systems -- 13 Self-consistent Approximations -- 14 The Feynman Path Integral -- 15 Quasi-classical Analysis -- 16 Resonances -- 17 Quantum Statistics -- 18 The Second Quantization -- 19 Quantum Electro-Magnetic Field – Photons -- 20 Standard Model of Non-relativistic Matter and Radiation -- 21 Theory of Radiation -- 22 Renormalization Group -- 23 Mathematical Supplement: Spectral Analysis -- 24 Mathematical Supplement: The Calculus of Variations -- 25 Comments on Literature, and Further Reading -- References -- Index. 
520 |a The book gives a streamlined introduction to quantum mechanics while describing the basic mathematical structures underpinning this discipline. Starting with an overview of key physical experiments illustrating the origin of the physical foundations, the book proceeds with a description of the basic notions of quantum mechanics and their mathematical content. It then makes its way to topics of current interest, specifically those in which mathematics plays an important role. The more advanced topics presented include many-body systems, modern perturbation theory, path integrals, the theory of resonances, quantum statistics, mean-field theory, second quantization, the theory of radiation (non-relativistic quantum electrodynamics), and the renormalization group. With different selections of chapters, the book can serve as a text for an introductory, intermediate, or advanced course in quantum mechanics. The last four chapters could also serve as an introductory course in quantum field theory. 
650 0 |a Mathematics. 
650 0 |a Functional analysis. 
650 0 |a Physics. 
650 0 |a Quantum physics. 
650 1 4 |a Mathematics. 
650 2 4 |a Functional Analysis. 
650 2 4 |a Theoretical, Mathematical and Computational Physics. 
650 2 4 |a Quantum Physics. 
700 1 |a Sigal, Israel Michael.  |e author. 
710 2 |a SpringerLink (Online service) 
773 0 |t Springer eBooks 
776 0 8 |i Printed edition:  |z 9783642218651 
830 0 |a Universitext,  |x 0172-5939 
856 4 0 |u http://dx.doi.org/10.1007/978-3-642-21866-8  |z Full Text via HEAL-Link 
912 |a ZDB-2-SMA 
950 |a Mathematics and Statistics (Springer-11649)